SVD Mission 2006 : (Record no. 5970)

MARC details
000 -LEADER
fixed length control field 00555nam a22001697a 4500
003 - CONTROL NUMBER IDENTIFIER
control field OSt
005 - DATE AND TIME OF LATEST TRANSACTION
control field 20251121101132.0
008 - FIXED-LENGTH DATA ELEMENTS--GENERAL INFORMATION
fixed length control field 251121b |||||||| |||| 00| 0 eng d
040 ## - CATALOGING SOURCE
Original cataloging agency DWCL-Main lib
Transcribing agency OC
082 ## - DEWEY DECIMAL CLASSIFICATION NUMBER
Classification number Circ. 266 D618 2006
110 ## - MAIN ENTRY--CORPORATE NAME
Corporate name or jurisdiction name as entry element Divine Word Missionaries
245 ## - TITLE STATEMENT
Title SVD Mission 2006 :
Remainder of title province reports for the XVI General chapter
Statement of responsibility, etc. Divine Word Missionaries
260 ## - PUBLICATION, DISTRIBUTION, ETC.
Place of publication, distribution, etc. Rome :
Name of publisher, distributor, etc. SVD Publications,
Date of publication, distribution, etc. c2006.
300 ## - PHYSICAL DESCRIPTION
Extent 496 pages :
Other physical details illustration ;
Dimensions 22 cm.
650 ## - SUBJECT ADDED ENTRY--TOPICAL TERM
Source of heading or term 1. Catholic church-Missions.
942 ## - ADDED ENTRY ELEMENTS (KOHA)
Source of classification or shelving scheme Dewey Decimal Classification
Koha item type Book Circulation
Call number prefix Circ.
Suppress in OPAC No
952 ## - LOCATION AND ITEM INFORMATION (KOHA)
--
952 ## - LOCATION AND ITEM INFORMATION (KOHA)
--
Holdings
Withdrawn status Lost status Source of classification or shelving scheme Damaged status Not for loan Home library Current library Shelving location Date acquired Source of acquisition Cost, normal purchase price Total Checkouts Full call number Barcode Date last seen Copy number Price effective from Koha item type Uniform Resource Identifier
    Dewey Decimal Classification     College Library College Library Circulation 06/24/2008 Donation 0.00   Circ. 266 D618 2006 CL46014 11/21/2025 c1 11/21/2025 BK-CIRC
    Dewey Decimal Classification     College Library College Library Circulation 06/24/2008 Donation 0.00   Circ. 266 D618 2006 CL44132 04/22/2026 c1 11/21/2025 BK-CIRC